[Event "Speed Chess Championship 2020"]
[Site "Online"]
[Date "2020.12.04"]
[Round "2.18"]
[White "Fedoseev, Vladimir"]
[Black "Nakamura, Hikaru"]
[Result "0-1"]
[WhiteElo "2676"]
[BlackElo "2736"]
[Annotator "TA"]
[PlyCount "105"]
[EventDate "2020.10.31"]
[EventType "k.o."]
[EventCountry "NET"]
[SourceTitle "playchess.com"]
[Source "ChessBase"]
[SourceQuality "1"]

{[%evp 11,105,0,0,0,0,0,0,0,0,0,0,0,0,0,17,28,20,21,25,8,7,0,13,15,11,8,15,6,72,-6,18,0,0,-7,0,-3,0,0,0,0,74,70,77,77,114,92,122,88,97,74,58,0,57,32,125,117,131,30,139,119,129,114,202,0,0,-63,-66,-56,-70,-355,-362,-361,-364,-356,-383,-399,-366,-403,-403,-403,-403,-403,-403,-399,-399,-399,-393,-391,-383,-379,-153,-153,-153,-5065,-4133,-29982]} 1. e4 e5 2. Nf3 Nc6 3. Bc4 Bc5 4. c3 Nf6 5. d4 exd4 6. e5 d5 7. Be2 {C54: Giuoco Piano: 4 c3 Nf6, main lines with 5 d4 and 5 d3.} Ne4 8. cxd4 Bb6 9. O-O {The position is equal. 9.Nc3 deserves study.} O-O 10. Be3 f6 11. exf6 Qxf6 12. Nc3 Nxc3 13. bxc3 Bg4 14. h3 Bh5 15. Re1 Rae8 16. Qd2 {[#]} Na5 $146 {[%cal Rh5f3]} ({Predecessor:} 16... Qd6 17. Rab1 h6 18. Nh4 Bxe2 19. Qxe2 Ne7 20. Qg4 Qf6 21. f3 Kh7 {1-0 (34) Nigmatov,O (2236)-Theodorou,N (2321) Gyor 2014}) 17. Ne5 Bxe2 18. Rxe2 {next Nd7 is good for White.} Qf5 19. Rae1 c6 (19... Nc4 $11 20. Nxc4 dxc4) 20. f4 ({Better is} 20. Bg5 $16) 20... Bc7 21. Rf2 Nc4 22. Qc1 Bd6 23. Ree2 Bxe5 24. dxe5 b6 25. Rf3 c5 (25... Qe6 $11 {remains equal.}) 26. Bf2 $16 Qd7 27. Qd1 Qc6 28. Kh2 a5 29. Bg3 Qe6 30. Qd3 Rf5 31. Rf1 (31. Bh4 $14) 31... b5 (31... g5 $11) 32. Rd1 Rd8 (32... g5 $14) 33. Bh4 Rd7 34. Rf2 (34. Qf3 $1 $16) 34... b4 (34... Rf8 $11) 35. g4 Rf8 36. Bg3 bxc3 (36... Qe7 $16 {was necessary.}) 37. Qxc3 $2 (37. f5 $18 Qe7 38. Qxc3) 37... d4 $11 38. Qb3 (38. Qe1 $1 $11) 38... Qd5 $15 39. Rc1 Ne3 {...c4 is the strong threat.} 40. Rxc5 $2 {[%mdl 8192]} ({White should play} 40. Qxd5+ $1 $15 Rxd5 41. Re2) 40... Qxb3 $19 41. axb3 d3 $1 {[%cal Rd3d2] Threatens to win with ...d2.} 42. e6 d2 43. exd7 d1=Q 44. Re5 Nf1+ 45. Rxf1 Qxf1 46. Re8 Qd3 47. d8=Q Qxd8 48. Rxd8 Rxd8 {KR-KB} 49. Be1 Rd5 $1 50. Kg2 {[#]} Rb5 (50... g6 $1 $19 {is more deadly.} 51. Kg3 Rb5) 51. f5 $17 Kf7 52. Bd2 $2 {[#]} (52. Bc3 $17) 52... a4 $1 $19 53. f6 {Weighted Error Value: White=0.46/Black=0.24} 0-1

[Event "Speed Chess Championship 2020"]
[Site "Online"]
[Date "2020.12.04"]
[Round "2.19"]
[White "Carlsen, Magnus"]
[Black "Artemiev, Vladislav"]
[Result "1-0"]
[WhiteElo "2862"]
[BlackElo "2708"]
[Annotator "TA"]
[PlyCount "67"]
[EventDate "2020.10.31"]
[EventType "k.o."]
[EventCountry "NET"]
[SourceTitle "playchess.com"]
[Source "ChessBase"]
[SourceQuality "1"]

{[%evp 12,67,28,18,23,33,22,0,18,23,20,12,51,43,88,76,89,88,82,43,153,161,171,0,225,238,347,310,309,295,348,320,314,283,457,314,425,413,547,506,548,491,455,454,478,477,612,605,597,587,665,569,1021,1008,1000,992,986,978]} 1. e4 c6 2. d4 d5 3. exd5 cxd5 4. Bd3 Nc6 5. c3 Qc7 6. h3 Nf6 7. Nf3 e6 {B13: Caro-Kann: Exchange Variation and Panov-Botvinnik Attack.} 8. O-O Bd6 9. Na3 $5 {[%mdl 4] Exploring less charted territory.} a6 {The position is equal.} 10. Nc2 Bd7 {[#]} 11. Qe2 $146 ({Predecessor:} 11. Re1 Ne7 12. Ne5 O-O 13. Bf4 Bb5 14. Bxb5 axb5 15. Qe2 Nf5 16. g4 Ne7 17. a3 {0-1 (47) Murillo,F-Marbourg,D (2252) ICCF email 2017}) 11... h6 12. Re1 g5 13. Ne5 Rg8 14. Bd2 h5 15. a4 h4 (15... Na5 $14) 16. b4 $16 g4 17. b5 $2 {[#]} (17. hxg4 $6 Bxe5 18. dxe5 Nxg4 $14) (17. Nxg4 $18 Nxg4 18. hxg4) 17... Ne7 $2 (17... Bxe5 $11 {and Black is okay.} 18. bxc6 (18. dxe5 gxh3 19. bxc6 Rxg2+ 20. Kf1 Bxc6 $11) 18... Bh2+ 19. Kh1 Bxc6) 18. hxg4 $18 ({Much less strong is} 18. Nxg4 $6 Nxg4 19. hxg4 Bh2+ 20. Kh1 Bf4 $16) 18... a5 (18... axb5 $142 19. g5 (19. axb5 Rxa1 20. Rxa1 Bxe5 $16) (19. Bxb5 Bxb5 20. axb5 Rxa1 $16) 19... Bxe5) 19. g5 Ne4 20. Bxe4 dxe4 21. Qxe4 Bxe5 22. dxe5 Rc8 $2 (22... h3 23. gxh3 O-O-O) 23. Nd4 Ng6 24. c4 Qxc4 25. Rec1 {White is clearly winning.} Qd5 26. Rxc8+ Bxc8 27. Qxd5 exd5 28. Rc1 Bd7 29. Rc7 Nxe5 30. Rxb7 {[#] Rb8+ is the strong threat.} Ke7 31. Bxa5 Nc4 32. Bb4+ Kd8 33. Rb8+ Bc8 34. b6 {Weighted Error Value: White=0.25/Black=0.58} 1-0

[Event "Speed Chess Championship 2020"]
[Site "Online"]
[Date "2020.11.19"]
[Round "2.19"]
[White "So, Wesley"]
[Black "Duda, Jan-Krzysztof"]
[Result "1-0"]
[WhiteElo "2816"]
[BlackElo "2743"]
[Annotator "ChessBase"]
[PlyCount "69"]
[EventDate "2020.10.31"]
[EventType "k.o."]
[EventCountry "NET"]
[SourceTitle "playchess.com"]
[Source "ChessBase"]
[SourceQuality "1"]
[TimeControl "60+1"]

1. d4 {[%emt 0:00:01]} Nf6 {[%emt 0:00:01]} 2. c4 {[%emt 0:00:00]} c6 {[%emt 0:00:02]} 3. Nf3 {[%emt 0:00:03]} d5 {[%emt 0:00:00]} 4. e3 {[%emt 0:00:01]} e6 {[%emt 0:00:01]} 5. Nc3 {[%emt 0:00:02]} Nbd7 {[%emt 0:00:01]} 6. Qc2 {[%emt 0:00:01]} Bd6 {[%emt 0:00:00]} 7. Bd3 {[%emt 0:00:01]} O-O {[%emt 0:00:02]} 8. O-O {[%emt 0:00:00]} dxc4 {[%emt 0:00:00]} 9. Bxc4 {[%emt 0:00:01]} b5 {[%emt 0:00:01]} 10. Be2 {[%emt 0:00:01]} Bb7 {[%emt 0:00:02]} 11. e4 {[%emt 0:00:01]} e5 {[%emt 0:00:00]} 12. dxe5 {[%emt 0:00:01]} Nxe5 {[%emt 0:00:01]} 13. Nd4 {[%emt 0:00:00]} Neg4 {[%emt 0:00:02]} 14. g3 {[%emt 0:00:01]} Be5 {[%emt 0:00:01]} 15. Nf5 {[%emt 0:00:04]} Qb6 {[%emt 0:00:12]} 16. h3 {[%emt 0:00:03]} Nh6 {[%emt 0:00:14]} 17. Be3 {[%emt 0:00:03]} Qc7 {[%emt 0:00:03]} 18. Nxh6+ {[%emt 0:00:08]} gxh6 {[%emt 0:00:00]} 19. Bxh6 {[%emt 0:00:04]} Rfe8 {[%emt 0:00:06]} 20. Kh2 {[%emt 0:00:02]} c5 {[%emt 0:00:03]} 21. Nxb5 {[%emt 0:00:02]} Qe7 {[%emt 0:00:06]} 22. Bf3 {[%emt 0:00:03]} Nxe4 {[%emt 0:00:03]} 23. Rae1 {[%emt 0:00:01]} f5 {[%emt 0:00:02]} 24. Qc4+ {[%emt 0:00:04]} Kh8 {[%emt 0:00:02]} 25. Nc3 {[%emt 0:00:03]} Qd6 {[%emt 0:00:02]} 26. Bxe4 {[%emt 0:00:07]} fxe4 {[%emt 0:00:01]} 27. Be3 {[%emt 0:00:01]} Qh6 {[%emt 0:00:05]} 28. Qxc5 {[%emt 0:00:05]} Qh5 {[%emt 0:00:05]} 29. Bd4 {[%emt 0:00:02]} Rac8 {[%emt 0:00:01]} 30. Bxe5+ {[%emt 0:00:01]} Rxe5 {[%emt 0:00:00]} 31. Qxa7 {[%emt 0:00:01]} Re7 {[%emt 0:00:04]} 32. Qd4+ {[%emt 0:00:01]} Rg7 {[%emt 0:00:01]} 33. Nxe4 {[%emt 0:00:01]} Rf8 {[%emt 0:00:00]} 34. Nc5 {[%emt 0:00:04]} Bc8 {[%emt 0:00:04]} 35. Ne6 {[%emt 0:00:01]} 1-0

[Event "Speed Chess Championship 2020"]
[Site "Online"]
[Date "2020.12.03"]
[Round "2.19"]
[White "Vachier-Lagrave, Maxime"]
[Black "Aronian, Levon"]
[Result "1-0"]
[WhiteElo "2784"]
[BlackElo "2781"]
[Annotator "TA"]
[PlyCount "91"]
[EventDate "2020.10.31"]
[EventType "k.o."]
[EventCountry "NET"]
[SourceTitle "playchess.com"]
[Source "ChessBase"]
[SourceQuality "1"]

{[%evp 12,91,19,8,24,9,12,12,12,12,12,16,10,3,13,0,12,0,8,-13,0,0,10,0,18,16,33,16,43,32,26,6,52,9,55,54,55,47,89,79,57,61,75,43,59,45,77,58,72,55,206,206,237,235,237,219,206,213,210,0,77,0,0,-53,-40,-106,-83,-142,-128,-132,-35,-47,337,350,325,335,313,307,29979,466,29967,7047]} 1. e4 e5 2. Nf3 Nc6 3. Bc4 Bc5 4. c3 Nf6 5. d3 d6 6. O-O O-O 7. Re1 $1 {[%mdl 4] outshines the older 7.Bb3.} a5 {C54: Giuoco Piano: 4 c3 Nf6, main lines with 5 d4 and 5 d3.} 8. Nbd2 Be6 9. Bb5 Qb8 {The position is equal.} 10. Nf1 Qa7 11. Be3 Bxe3 12. Nxe3 {[#]} a4 $146 ({Predecessor:} 12... Qb6 13. a4 Ng4 14. Qd2 Nxe3 15. Rxe3 Ne7 16. d4 Ng6 17. Ng5 c6 18. Bf1 Rad8 19. Nxe6 fxe6 {1-0 (57) Adams,M (2701)-Anton Guijarro,D (2703) Biel 2020}) 13. Qc2 Ne7 14. Bc4 Bxc4 15. dxc4 Qa6 16. c5 Ng6 17. cxd6 Qxd6 18. Rad1 Qe6 19. Nd5 Rfc8 20. g3 h6 21. Re3 Ra6 22. c4 c6 23. Nxf6+ Qxf6 24. c5 Rd8 25. Rxd8+ Qxd8 26. Rd3 Qe7 27. Rd6 Nf8 28. Qc3 Nd7 29. Nh4 g6 30. Qe3 Kh7 $2 (30... Nf8 $1 $14) 31. Nf5 $1 $18 gxf5 32. Qxh6+ Kg8 33. exf5 {And now f6 would win.} f6 34. Qg6+ $40 {[%mdl 1152] White has strong compensation. White wants a kill.} Kf8 35. Qh6+ (35. g4 $1 $18 {and the rest is easy.}) 35... Kg8 $16 36. Qd2 ({Better is} 36. Re6 $1 $16 {[%cal Re6e7]} Qf7 37. g4) 36... Nf8 $1 $11 (36... Nxc5 $2 37. Rd8+ Kg7 38. Qd1 $18) 37. g4 ({White should play} 37. Rd8 $11) 37... Ra8 $15 38. h4 (38. h3 $15) 38... Qg7 39. g5 ({White should try} 39. Qb4) 39... fxg5 $17 40. hxg5 Qf7 (40... Re8 $17 {Strongly threatening ...e4.} 41. g6 e4) 41. Qd3 $15 {With the idea g6.} Re8 $2 {[%mdl 8192] [#]} (41... e4 $15 {keeps the upper hand.} 42. Qxe4 Re8) 42. g6 $1 $18 {[%cal Rg6f7]} Qg7 {intending ...e4.} (42... Qxa2 43. f6 $18) 43. Qc4+ {[%mdl 64] Double Attack} Kh8 44. Rd3 {aiming for Rh3+.} ({And not} 44. Qxa4 e4 $11) (44. Qh4+ Kg8 $16) 44... Qh6 $2 {[#]} (44... Nxg6 $18 45. Rg3 {[%mdl 64] Pin} (45. fxg6 Qxg6+ 46. Rg3 Qh7 $16) 45... Qd7 46. Rh3+ (46. Rxg6 Qd1+ 47. Kg2 Qd5+ 48. Qxd5 cxd5 $18) (46. fxg6 Kg7 $18) 46... Kg7 47. fxg6 Rh8 48. Rxh8 Kxh8 49. Qh4+ (49. Qxa4 Kg7 $16) 49... Kg8) 45. Kg2 (45. Qf7 $142 $1 {[%mdl 512]} Nxg6 46. Qxe8+ Nf8 47. Rg3 Qf6 48. Qh5+ Nh7 49. Rh3 Qg7+ 50. Kh2) 45... e4 {[#]} (45... Ne6 $18) 46. Rh3 $1 {[%mdl 512] Weighted Error Value: White=0.37/Black=0.62} 1-0

[Event "Speed Chess Championship 2020"]
[Site "Online"]
[Date "2020.12.04"]
[Round "2.19"]
[White "Nakamura, Hikaru"]
[Black "Fedoseev, Vladimir"]
[Result "1/2-1/2"]
[WhiteElo "2736"]
[BlackElo "2676"]
[Annotator "ChessBase"]
[PlyCount "142"]
[EventDate "2020.10.31"]
[EventType "k.o."]
[EventCountry "NET"]
[SourceTitle "playchess.com"]
[Source "ChessBase"]
[SourceQuality "1"]
[TimeControl "60+1"]

1. b3 {[%emt 0:00:01]} c5 {[%emt 0:00:01]} 2. Bb2 {[%emt 0:00:00]} d6 {[%emt 0:00:00]} 3. Nf3 {[%emt 0:00:00]} e5 {[%emt 0:00:01]} 4. e3 {[%emt 0:00:00]} Nf6 {[%emt 0:00:02]} 5. d4 {[%emt 0:00:00]} cxd4 {[%emt 0:00:00]} 6. exd4 {[%emt 0:00:01]} e4 {[%emt 0:00:01]} 7. Nfd2 {[%emt 0:00:00]} d5 {[%emt 0:00:00]} 8. c4 {[%emt 0:00:00]} Bb4 {[%emt 0:00:03]} 9. Nc3 {[%emt 0:00:02]} O-O {[%emt 0:00:01]} 10. Be2 {[%emt 0:00:00]} Re8 {[%emt 0:00:02]} 11. O-O {[%emt 0:00:03]} Nc6 {[%emt 0:00:01]} 12. Nxd5 {[%emt 0:00:05]} Nxd5 {[%emt 0:00:03]} 13. cxd5 {[%emt 0:00:00]} Qxd5 {[%emt 0:00:06]} 14. Nc4 {[%emt 0:00:00]} Qg5 {[%emt 0:00:07]} 15. Bc1 {[%emt 0:00:02]} Qg6 {[%emt 0:00:03]} 16. Bh5 {[%emt 0:00:06]} Qf6 {[%emt 0:00:01]} 17. Bb2 {[%emt 0:00:04]} Qg5 {[%emt 0:00:05]} 18. Kh1 {[%emt 0:00:04]} Be6 {[%emt 0:00:04]} 19. Bc1 {[%emt 0:00:05]} Qd5 {[%emt 0:00:02]} 20. Bb2 {[%emt 0:00:01]} Rad8 {[%emt 0:00:02]} 21. Ne3 {[%emt 0:00:03]} Qg5 {[%emt 0:00:00]} 22. f4 {[%emt 0:00:05]} exf3 {[%emt 0:00:10]} 23. Qxf3 {[%emt 0:00:01]} g6 {[%emt 0:00:04]} 24. Bg4 {[%emt 0:00:00]} f5 {[%emt 0:00:01]} 25. d5 {[%emt 0:00:08]} fxg4 {[%emt 0:00:02]} 26. Nxg4 {[%emt 0:00:00]} Qxg4 {[%emt 0:00:17]} 27. Qf6 {[%emt 0:00:01]} Qxg2+ {[%emt 0:00:00]} 28. Kxg2 {[%emt 0:00:01]} Bxd5+ {[%emt 0:00:01]} 29. Rf3 {[%emt 0:00:11]} Re2+ {[%emt 0:00:01]} 30. Kg3 {[%emt 0:00:09]} Bd6+ {[%emt 0:00:01]} 31. Rf4 {[%emt 0:00:01]} Rxb2 {[%emt 0:00:01]} 32. Qxb2 {[%emt 0:00:01]} g5 {[%emt 0:00:01]} 33. Raf1 {[%emt 0:00:03]} gxf4+ {[%emt 0:00:02]} 34. Kh3 {[%emt 0:00:01]} Be5 {[%emt 0:00:00]} 35. Rg1+ {[%emt 0:00:01]} Kf7 {[%emt 0:00:01]} 36. Qe2 {[%emt 0:00:00]} Be6+ {[%emt 0:00:01]} 37. Kh4 {[%emt 0:00:01]} Bf6+ {[%emt 0:00:01]} 38. Kh5 {[%emt 0:00:00]} Rd5+ {[%emt 0:00:01]} 39. Kh6 {[%emt 0:00:00]} Ne5 {[%emt 0:00:02]} 40. Qe4 {[%emt 0:00:05]} Ng6 {[%emt 0:00:02]} 41. Rxg6 {[%emt 0:00:00]} hxg6 {[%emt 0:00:00]} 42. Qxg6+ {[%emt 0:00:01]} Ke7 {[%emt 0:00:01]} 43. Qe4 {[%emt 0:00:02]} Bg5+ {[%emt 0:00:04]} 44. Kg6 {[%emt 0:00:01]} Kd7 {[%emt 0:00:02]} 45. Qa4+ {[%emt 0:00:03]} Ke7 {[%emt 0:00:01]} 46. Qb4+ {[%emt 0:00:02]} Ke8 {[%emt 0:00:01]} 47. Qxb7 {[%emt 0:00:01]} Be7 {[%emt 0:00:02]} 48. Qb8+ {[%emt 0:00:02]} Kd7 {[%emt 0:00:00]} 49. Qxf4 {[%emt 0:00:01]} a5 {[%emt 0:00:01]} 50. h4 {[%emt 0:00:01]} Bd6 {[%emt 0:00:02]} 51. Qa4+ {[%emt 0:00:01]} Ke7 {[%emt 0:00:00]} 52. Qe4 {[%emt 0:00:04]} Be5 {[%emt 0:00:02]} 53. h5 {[%emt 0:00:01]} Bf6 {[%emt 0:00:00]} 54. Qe3 {[%emt 0:00:02]} Be5 {[%emt 0:00:02]} 55. Qg5+ {[%emt 0:00:01]} Kd7 {[%emt 0:00:01]} 56. h6 {[%emt 0:00:01]} Bd4 {[%emt 0:00:00]} 57. Qf4 {[%emt 0:00:01]} Bf5+ {[%emt 0:00:00]} 58. Qxf5+ {[%emt 0:00:02]} Rxf5 {[%emt 0:00:01]} 59. Kxf5 {[%emt 0:00:00]} Kd6 {[%emt 0:00:00]} 60. Ke4 {[%emt 0:00:01]} Kc5 {[%emt 0:00:01]} 61. a3 {[%emt 0:00:01]} Bb2 {[%emt 0:00:01]} 62. h7 {[%emt 0:00:01]} Kb5 {[%emt 0:00:01]} 63. Kd5 {[%emt 0:00:01]} Bc3 {[%emt 0:00:01]} 64. Ke4 {[%emt 0:00:01]} Kc5 {[%emt 0:00:01]} 65. Kd3 {[%emt 0:00:01]} Bb2 {[%emt 0:00:00]} 66. b4+ {[%emt 0:00:01]} axb4 {[%emt 0:00:01]} 67. axb4+ {[%emt 0:00:00]} Kxb4 {[%emt 0:00:00]} 68. Ke4 {[%emt 0:00:00]} Kc5 {[%emt 0:00:01]} 69. Kf5 {[%emt 0:00:01]} Kd6 {[%emt 0:00:00]} 70. Kg6 {[%emt 0:00:00]} Ke7 {[%emt 0:00:01]} 71. h8=Q {[%emt 0:00:00]} Bxh8 {[%emt 0:00:01]} 1/2-1/2

[Event "Speed Chess Championship 2020"]
[Site "Online"]
[Date "2020.12.03"]
[Round "2.20"]
[White "Aronian, Levon"]
[Black "Vachier-Lagrave, Maxime"]
[Result "0-1"]
[WhiteElo "2781"]
[BlackElo "2784"]
[Annotator "TA"]
[PlyCount "52"]
[EventDate "2020.10.31"]
[EventType "k.o."]
[EventCountry "NET"]
[SourceTitle "playchess.com"]
[Source "ChessBase"]
[SourceQuality "1"]

{[%evp 9,52,-5,14,2,10,0,2,0,0,-25,-15,-22,-22,-29,-29,-25,-29,-37,-31,-68,-61,-73,-67,-66,-92,-98,-79,-199,-185,-189,-140,-134,-101,-132,-139,-371,-377,-380,-369,-457,-461,-450,-450,-957,-956]} 1. e4 c5 2. Nf3 d6 3. c3 Nf6 4. h3 Bd7 5. d3 Bc6 {[#]} 6. Be3 $146 {B50: Sicilian: 2...d6, Miscellaneous.} ({Predecessor:} 6. Nbd2 g6 7. Be2 Bg7 8. O-O O-O 9. Re1 Nbd7 10. Bf1 e5 11. a4 d5 {½-½ (11) Firat,B (2408)-Yilmazyerli,M (2312) Konya 2012}) 6... g6 7. Nbd2 Bg7 8. Qb1 {The position is equal.} e5 9. d4 exd4 10. cxd4 cxd4 11. Nxd4 O-O 12. Bd3 Re8 13. O-O d5 {[%cal Rd5e4]} 14. Re1 dxe4 15. Nxc6 Qxd3 16. Qxd3 exd3 17. Nb4 Nc6 {[%cal Bb8c6,Bc6b4,Bb4c2][%mdl 32]} 18. Nxd3 (18. Nxc6 $17 {was necessary.} bxc6 19. Nc4) 18... Rad8 $19 19. Nc5 b6 20. Ncb3 Nd5 21. Rac1 Ncb4 $36 {[%mdl 2048] White must now prevent ...Nd3. Black is really pushing.} 22. Bd4 $2 {Now White is beyond hope.} (22. Bg5 $17 {was the only defense.}) 22... Rxe1+ $1 {[%mdl 64] Overworked Piece} 23. Rxe1 {[#]} Nc2 $1 {[%cal Rc2e1][%mdl 64] Double Attack} 24. Re4 Nxd4 {Black is clearly winning.} 25. Nxd4 {[#]} Nf6 $1 {[%cal Rf6e4]} 26. Rg4 (26. Re2 $142 Rxd4 27. g3) 26... Nxg4 {Weighted Error Value: White=0.57/Black=0.08} 0-1

[Event "Speed Chess Championship 2020"]
[Site "Online"]
[Date "2020.11.19"]
[Round "2.20"]
[White "Duda, Jan-Krzysztof"]
[Black "So, Wesley"]
[Result "0-1"]
[WhiteElo "2743"]
[BlackElo "2816"]
[Annotator "TA"]
[PlyCount "118"]
[EventDate "2020.10.31"]
[EventType "k.o."]
[EventCountry "NET"]
[SourceTitle "playchess.com"]
[Source "ChessBase"]
[SourceQuality "1"]

{[%evp 13,118,0,0,0,0,0,0,0,4,0,6,0,0,0,26,-11,-22,-22,-22,-22,-21,-45,-6,-28,-26,-41,-27,-43,-34,-39,-33,-38,-31,-44,-27,-79,-65,-81,-55,-76,-75,-69,0,-100,-83,-101,-87,-92,-98,-393,-207,-376,-372,-372,-354,-350,-144,-139,-136,-126,-4,-200,-197,-173,-125,-121,-41,-55,-49,-71,8,-8,-6,-188,-178,-186,-152,-177,-185,-157,-164,-223,-207,-217,-212,-289,-294,-326,-333,-375,-371,-29948,-12835,-2304,-371,-1807,-1823,-1725,-1679,-29970,-29972,-29985,-29986,-29989,-29990,-29990,-29991]} 1. d4 Nf6 2. c4 e6 3. Nf3 d5 4. Nc3 c5 5. cxd5 cxd4 6. Nxd4 Nxd5 7. Bd2 Be7 8. e4 {A32: Symmetrical English: 2 Nf3 Nf6 3 d4 cxd4 4 Nxd4 e6.} Nxc3 $1 {[%mdl 4] is more profitable than 8...Nb4 at the moment.} 9. Bxc3 O-O 10. Be2 {The position is equal.} Qb6 11. Qb3 Rd8 12. Qxb6 axb6 13. a3 Na6 14. Bxa6 Rxa6 15. O-O Bd7 16. Rfd1 {[#]} Raa8 $146 ({Predecessor:} 16... Kf8 17. Nc2 Raa8 18. Kf1 Bb5+ 19. Ke1 Bd3 20. Ne3 Bxe4 21. f3 Bc6 22. Nc4 b5 {½-½ (53) Carlsen,M (2863)-So,W (2770) chess24.com INT 2020}) 17. f3 e5 18. Nf5 Bc5+ 19. Kf1 g6 20. Ng3 f6 21. Ke1 Ba4 22. Rxd8+ Rxd8 23. Nf1 Kf7 24. Nd2 (24. Rc1 $11) 24... Ke6 25. b3 Bc6 26. a4 Rd3 27. Rc1 f5 ({Black should play} 27... Be3 $15) 28. exf5+ (28. b4 $1 $11 {was the only way to keep the balance.} Re3+ 29. Kf1 Rxc3 {[%mdl 64] Remove Defender} 30. Rxc3 Bxb4 31. Rc2) 28... gxf5 $17 29. Nc4 e4 30. Ke2 b5 31. Na5 $2 {[%mdl 8192]} (31. Ne5 $17 Re3+ 32. Kd2) 31... Re3+ (31... Be3 $142 32. Nxc6 Bxc1 33. Nd4+ Kd5 34. Nxb5 Bf4 35. fxe4+ fxe4) 32. Kd2 $2 (32. Kf1 {was the only chance.} Ba3 33. Rc2) 32... Bd5 $19 33. axb5 exf3 34. gxf3 Bxf3 (34... Rxf3 $19 35. Re1+ Be4) 35. b4 $17 Re2+ 36. Kd3 Be3 (36... Bf2 $1 $17 {Threatens to win with ...Ra2.} 37. Bd4 Re1 38. Rxe1+ Bxe1) 37. Re1 $2 (37. Rf1 $11 {and White is okay.} Bh5 38. Nxb7) 37... Rxe1 $19 38. Bxe1 {[%mdl 4096] Endgame KBB-KBN} Bg1 39. Bg3 b6 (39... Be4+ $17 40. Ke2 Bd5) 40. Nc4 $15 Be4+ 41. Kd2 Bd4 ({Better is} 41... Kd5 $17 42. Nd6 Kd4) 42. Bf4 Bd5 43. Na3 $2 {[#] Black keeps a firm grip on the game.} (43. Kd3 $11 Bg1 44. Bc7) 43... Be5 $1 $19 {[%cal Re5f4]} 44. Ke3 Bc3 45. Nc2 {[#]} Be4 $1 {[%cal Re4c2]} 46. Nd4+ Kd5 47. Nf3 (47. Nc6 $142) 47... Bxb4 48. Ng5 Bc5+ 49. Kd2 h5 50. Nh7 Bd4 51. h4 Kc4 52. Be3 $2 (52. Ng5 $19) 52... Bc3+ 53. Ke2 Kxb5 $2 (53... f4 54. Bxb6 Bxh7) 54. Bh6 $2 (54. Ng5 Bd5 55. Nh3) 54... Kc4 55. Ng5 b5 56. Bf8 b4 {Black mates.} 57. Nxe4 fxe4 58. Bxb4 Bxb4 ({Weaker is} 58... Kxb4 59. Ke3 $11) 59. Ke3 Kd5 {Weighted Error Value: White=0.72/Black=0.37} 0-1

[Event "Speed Chess Championship 2020"]
[Site "Online"]
[Date "2020.12.03"]
[Round "2.20"]
[White "Artemiev, Vladislav"]
[Black "Carlsen, Magnus"]
[Result "1-0"]
[WhiteElo "2708"]
[BlackElo "2862"]
[Annotator "TA"]
[PlyCount "69"]
[EventDate "2020.10.31"]
[EventType "k.o."]
[EventCountry "NET"]
[SourceTitle "playchess.com"]
[Source "ChessBase"]
[SourceQuality "1"]

{[%evp 9,69,4,-8,24,21,0,-10,-38,-23,-36,-37,-40,39,31,68,0,29,27,29,14,1,0,0,-39,-16,-38,-21,-28,4,0,-11,0,-9,-52,0,-16,0,0,30,34,199,-3,330,271,405,394,759,737,29985,29985,29988,29989,29979,29977,29994,6635,11943,6350,29982,29979,29998,29999]} 1. b3 e5 2. Bb2 Nc6 3. e3 Nf6 4. Bb5 e4 5. Ne2 a6 6. Bxc6 {A01: Nimzowitsch-Larsen Opening.} dxc6 7. O-O Bd6 {Threatens to win with ...Bxh2+!} 8. Ng3 {The position is equal.} h5 9. Bxf6 Qxf6 10. Nc3 {[#]} Qg6 $146 (10... Bxg3 $15 11. fxg3 Qe5) ({Predecessor:} 10... Bxg3 11. fxg3 Qe5 12. Qe2 Bf5 13. Qf2 g6 14. Qf4 Qe7 15. Ne2 c5 16. h3 O-O-O {0-1 (70) Kazmierczuk,Z (2164)-Schuller,J (2420) ICCF email 2016}) 11. Ngxe4 $14 Be7 12. Kh1 ({White should try} 12. f3 $14) 12... Bf5 (12... f5 $5 13. Ng3 $8 h4 $14) 13. d3 O-O-O 14. Ng3 (14. f4 {with more complications.} Rhe8 15. Qf3 Kb8 16. a3 Qh6 17. b4) 14... Bd7 15. Nge2 Kb8 16. Nf4 Qh6 {[%mdl 1024] Black has compensation.} 17. d4 h4 18. Nd3 Bc8 (18... c5 {looks sharper.} 19. Nd5 h3 20. g3 Bc6 21. e4 Bxd5 22. exd5 Rxd5 23. dxc5 Qf6) 19. Qf3 f6 20. a4 g5 21. b4 Bd6 ({Better is} 21... g4 $1 $15 22. Qe2 f5) 22. b5 g4 $1 {[%cal Rg4f3]} 23. Qe2 $1 {bxa6 is the strong threat.} g3 24. h3 $36 {[%mdl 2048] Black must now prevent bxa6. White is pushing.} Qg5 $2 (24... Rhg8 $14 25. Rg1 gxf2 26. Qxf2 Rge8) 25. bxa6 $2 (25. Rfb1 $18) 25... gxf2 $2 {[%mdl 8192]} (25... Bxh3 $1 $11 26. f4 Qa5 27. gxh3 Qxc3) 26. axb7 (26. Qxf2 Rhe8 $18) 26... Bxb7 (26... Bxh3 {keeps fighting.} 27. gxh3 (27. Qxf2 Rde8 $18) 27... Qg3 28. Rxf2 Qxh3+ 29. Rh2 Bxh2) 27. Ne4 $18 Qg6 $2 (27... Qa5 28. Qxf2 Ka7) 28. Ndc5 f5 {[#]} 29. Rab1 $1 Rdg8 30. Rxb7+ Kc8 31. Nxd6+ cxd6 32. Qxf2 (32. Rxf2 $142 Qh5 33. Qa6 Qd1+ {[#]} 34. Kh2 $1 {[%mdl 512]} Qg1+ {[%mdl 64] Decoy} 35. Kxg1 Rxg2+ 36. Rxg2 dxc5 37. Qa8#) 32... dxc5 33. Rfb1 Kd8 34. Ra7 {[%cal Rb1b8]} Qg3 35. Qxg3 {Weighted Error Value: White=0.25/Black=0.85} 1-0